| 000 | 01524nam0a2200361 4500 | ||
|---|---|---|---|
| 001 | RU\NLR\bibl\1793724 | ||
| 005 | 20260405231151.0 | ||
| 010 |
_a978-5-699-49555-9 _93000 |
||
| 021 |
_aRU _b2011-45425 _9376д/2011 |
||
| 035 | _a(nilc)LIBNET\0000147875 | ||
| 035 | _a(NLR Aleph) 001784413 | ||
| 090 |
_a1717958 _c1717958 |
||
| 100 | _a20110714d2011 |||y0rusy50 ca | ||
| 101 | 1 |
_arus _ceng |
|
| 102 | _aRU | ||
| 105 | _ay ||||||||| | ||
| 200 | 1 |
_aЗаговор по-венециански _fДжон Трейс _g[пер. с англ. Н. Абдуллина] |
|
| 210 |
_aМосква _cЭксмо _aСанкт-Петербург _cДомино _d2011 |
||
| 215 |
_a480 с. _d22 |
||
| 225 | 1 | _aШкола перевода В. Баканова | |
| 225 | 1 |
_aПроект Бестселлер _fсост.: Александр Жикаренцев |
|
| 300 | _aЗагл. и авт. ориг.: The Venice Conspiracy / Jon Trace | ||
| 454 | 0 |
_12001#$aThe Venice Conspiracy$fJon Trace _1700#1$3RU\NLR\auth\77105105$7ba$aTrace$bJ.$f1957-$gJon$4070 _tThe Venice Conspiracy _aTrace, Jon (1957-) |
|
| 686 |
_a84(7Сое) _vLBC/RL _2rubbk |
||
| 686 | _aШ6(4Вл)67-440.4{Лх1299-50} | ||
| 700 | 1 |
_4070 _7ca _8rus _aТрейс _bД. _f1957- _gДжон _988027 _3RU\NLR\auth\77105102 |
|
| 801 | 0 |
_aRU _bВладимирская ОУНБ _c20110714 _grcr |
|
| 801 | 1 |
_aRU _bВладимирская ОУНБ _c20110714 _grcr _2rusmarc |
|
| 801 | 2 |
_aRU _bNLR _c20110802 _grcr |
|
| 942 | _cBOOK | ||
| 980 | _aNB | ||
| 980 | _aNBR | ||